| 000 | 00703nam a2200193 a 4500 | ||
|---|---|---|---|
| 005 | 20240426063705.0 | ||
| 008 | 991125s1950 mx 000 0 spa u | ||
| 035 | _aUPN01000027893 | ||
| 049 | _aCG | ||
| 050 | 4 |
_aLA429 M7 _bR6.3 |
|
| 100 | 1 |
_aRomero Flores, Jesús, _d1885-1987 _929429 |
|
| 245 | 1 | 0 |
_aHistoria de la educación en el Estado de Michoacán / _cJesús Romero Flores. |
| 260 |
_aMéxico : _bSEP, Dirección de Enseñanza Superior e Investigación Científica, _c1950. |
||
| 300 |
_a147 p. : _bfotos |
||
| 440 | 0 | _aPublicaciones del Museo Pedagógico Nacional | |
| 500 | _aTambién disponible en la Colección Medina | ||
| 650 | 4 |
_aEducación _zMichoacán _xHistoria _917640 |
|
| 905 | _aLibro | ||
| 999 |
_c27893 _d27893 |
||